| 000 | 00433nam a2200157Ia 4500 | ||
|---|---|---|---|
| 005 | 20250417095241.0 | ||
| 008 | 231217s9999 xx 000 0 und d | ||
| 020 | _a9788131401781 | ||
| 082 | _a658.11 SUJ;1 R | ||
| 100 | _aSujatha, B ed. | ||
| 245 | 0 | _aBusiness intelligence implementation : issues and perspectives | |
| 260 |
_c2006 _bIcfai _aHyderabad |
||
| 300 | _axii, 260 | ||
| 650 | _aBusiness,intelligence | ||
| 942 | _cAA | ||
| 999 |
_c187731 _d187731 |
||